| 000 | 00661nab a2200193 4500 | ||
|---|---|---|---|
| 001 | 244442 | ||
| 003 | OSt | ||
| 005 | 20260318083822.0 | ||
| 007 | tu | ||
| 008 | 260318s2020||||||| | ||
| 040 |
_aDE-2950 _cDE-2950 |
||
| 245 | 0 | 0 |
_aStreit um zweite Oderquerung _bVerkehrskonzept. Die Machbarkeitsstudie für weitere Brücken zwischen Frankfurt und Slubice sorgt für politischen Streit. CDU und Grüne fordern Alternativen/ _cLisa Larossa |
| 264 | _c2026 | ||
| 653 | _aFrankfurt | ||
| 653 | _azweite Oderquerung | ||
| 653 | _aMachbarkeitsstudie | ||
| 773 | 0 |
_g37. Jahrgang (2026) Nr. 58 vom 10.03.2026 , S. 13 mit Foto _tMärkische Oderzeitung |
|
| 942 |
_2z _cA |
||
| 999 |
_c374341 _d374341 |
||